000 00237nam a2200097Ia 4500
001 1077729
005 20250827002321.0
008 250824s9999 xx 000 0 und d
245 0 _aÇİFTE DIPPER
_cDERYA DİNÇ
260 _bBETA YAYINLARI
999 _c1077729
_d1077729